01059cam a2200289Mi 4500001001300000005001700013008004100030020001800071020001500089035002100104040005900125041000800184060001100192080001000203111009400213245012800307246003500435260005600470300003000526546002200556650003900578650003800617650002500655650004900680700001900729700002100748ocn87528496220211209140818.0171115s2013 xxua f 100 0 eng d a9781574001471 a1574001477 a(OCoLC)875284962 aCo-BoUCMbspacDeissy Garcia (modificó)dSaul Niño0 aeng aWE 860 a616.72 aInternational Consensus Meeting on Periprosthetic Joint Infectiond(2013 :cPhiladelphia)10aProceedings of the International Consensus Meeting on Periprosthetic Joint Infectioncchairs Javad Parvizi, Thorsten Gehrke3 aPeriprosthetic Joint Infection aBrooklandvillebData Trace Publishing Companyc2013 a304 páginasbgráficas aTexto en inglés 7aInfecciones de las articulaciones  7aInfecciones xEfectos secundarios 7aMedicina xCirugía 7aPrótesis articulares xEfectos secundarios12aParvizi, Javad1 aGehrke, Thorsten